000 00295nam a22001337a 4500
008 170202b xxu||||| |||| 00| 0 eng d
020 _a2900131881432
041 _aeng
080 _23RD
_a61
100 _a61
101 _aSHM
245 _aMEDICAL TRANSCRIPTION
_cPITMAN, S.C
942 _2udc
_cBK
999 _c4244
_d4244